| 000 | 00681cam a22002171 4500 | ||
|---|---|---|---|
| 001 | ca 17001535 | ||
| 003 | DLC | ||
| 005 | 20260227111103.0 | ||
| 008 | 851211s1882 nyua 000 0 eng | ||
| 010 | _aca 17001535 | ||
| 035 | _a(OCoLC)12895116 | ||
| 040 |
_aDLC _cCtNbC _dDLC |
||
| 042 | _apremarc | ||
| 050 | 0 | 0 | _aP563 |
| 100 | 1 |
_aPhillips, W. H. _q(William Hamilton), _d1830-1916, _eed. |
|
| 245 | 1 | 0 |
_aOld yarns knit together _cby Jackson Slocum of New York [pseud.] ... Ed. by Hon. Wm. Hamilton Phillips ... |
| 260 |
_aNew York, _bPhillips Osborne, _c1882. |
||
| 300 |
_a64 p. _billus. _c20 cm. |
||
| 490 | 0 |
_aScrap book series. _vno. 1 |
|
| 650 | 0 | _aAmerican wit and humor. | |
| 999 |
_c15095 _d15095 |
||